000 00756nam a22002177a 4500
005 20100722141417.0
010 _aENG-96442
020 _a8173811393
_c735.00
035 _aEN-79975
037 _bDBAD/PUB
082 _a612.22
100 _aChaudhuri, Sujit K.
_92147
245 _aConcise medical physiology /
_cby Sujit K. Chaudhuri
250 _a6th ed
260 _aKolkata
_bNew Central Book Agency
_c2009
270 _a8/1 Chintamoni Da Lane,
_bKolkata
_e700009
300 _a752p. :
_bill.
_c28cm.(pbk)
500 _aincludes index
942 _2ddc
_cEN
_h612.22
_mCHA
999 _c37221
_d37221